Click the Bruno Mars Song Title Ending - Statistics

General Stats
  • This quiz has been taken 594 times
  • The average score is 18 of 20
Answer Stats
Hint Answer % Correct
24K Magic
98%
That's What I Like
97%
Leave The Door Open
96%
Count On Me
95%
Just The Way You Are
94%
Locked Out Of Heaven
94%
When I Was Your Man
94%
Young, Wild & Free
93%
Talking To The Moon
93%
The Lazy Song
93%
Uptown Funk
92%
After Last Night
92%
It Will Rain
92%
Versace On The Floor
90%
Runaway Baby
81%
Smokin' Out The Window
79%
Liquor Store Blues
77%
Young Girls
76%
Marry You
67%
Wake Up In The Sky
62%
No matching quizzes found
Score Distribution
Percent of People with Each Score
Percentile by Number Answered
Your Score History
You have not taken this quiz